|
|
|
|
| LEADER |
05810nam a22004813i 4500 |
| 001 |
EBC5588885 |
| 003 |
MiAaPQ |
| 005 |
20231204023214.0 |
| 006 |
m o d | |
| 007 |
cr cnu|||||||| |
| 008 |
231204s2017 xx o ||||0 eng d |
| 020 |
|
|
|a 9783319656274
|q (electronic bk.)
|
| 020 |
|
|
|z 9783319656267
|
| 035 |
|
|
|a (MiAaPQ)EBC5588885
|
| 035 |
|
|
|a (Au-PeEL)EBL5588885
|
| 035 |
|
|
|a (OCoLC)1066184623
|
| 040 |
|
|
|a MiAaPQ
|b eng
|e rda
|e pn
|c MiAaPQ
|d MiAaPQ
|
| 050 |
|
4 |
|a Q295
|
| 100 |
1 |
|
|a Commendatore, Pasquale.
|
| 245 |
1 |
4 |
|a The Economy As a Complex Spatial System :
|b Macro, Meso and Micro Perspectives.
|
| 250 |
|
|
|a 1st ed.
|
| 264 |
|
1 |
|a Cham :
|b Springer International Publishing AG,
|c 2017.
|
| 264 |
|
4 |
|c Ã2018.
|
| 300 |
|
|
|a 1 online resource (227 pages)
|
| 336 |
|
|
|a text
|b txt
|2 rdacontent
|
| 337 |
|
|
|a computer
|b c
|2 rdamedia
|
| 338 |
|
|
|a online resource
|b cr
|2 rdacarrier
|
| 490 |
1 |
|
|a Springer Proceedings in Complexity Series
|
| 505 |
0 |
|
|a Intro -- About COST -- Acknowledgement -- Contents -- Contributors -- Introduction -- 1 The COST Action IS1104 ``The EU in the New Complex Geography of Economic Systems: Models, Tools and Policy Evaluation'' -- 2 The Macro Perspective - Economic Geography -- 3 The Meso Perpective - Financial Markets -- 4 The Micro Perspective - Strategic Decisions and Interactions -- References -- The Macro Perspective - Economic Geography -- Policy Issues in NEG Models: Established Results and Open Questions -- Abstract -- 1 Policy Issues in NEG Models: A General Discussion -- 1.1 NEG Models in a Nutshell -- 1.2 Policy in NEG Models: Fundamental Questions and the Applicability Gap -- 2 Public Spending: Productivity and Demand Effects -- 3 Tax Competition and Agglomeration -- 4 Trade: Unilateral Protectionism and Trade Agreements -- References -- Emerging Trade Patterns in a 3-Region Linear NEG Model: Three Examples -- 1 Introduction -- 2 The Model -- 2.1 Basic Set-Up -- 2.2 Production -- 2.3 Utility -- 2.4 Trade Costs -- 3 Short-Run Equilibrium -- 3.1 Short-Run Solutions -- 4 Definition of the Basic Dynamic Equations -- 5 Long-Run Equilibria Properties in Model 1 -- 6 Long-Run Equilibria Properties in Model 2 -- 7 Long-Run Equilibria Properties in Model 3 -- 8 Final Remarks -- References -- Advances in Spatial Econometrics: Parametric vs. Semiparametric Spatial Autoregressive Models -- 1 Introduction and Motivation -- 2 Parametric Spatial Autoregressive Models -- 2.1 Modeling Spatial Interaction Effects: Spatial Autoregressive Models for Cross-Sectional Data -- 2.2 Modeling Spatial Spillovers and Unobserved Spatial Heterogeneity: Spatial Autoregressive Models for Panel Data -- 2.3 Modeling Spatial Dependence, Spatial Heterogeneity and Common Factors: Spatial Autoregressive Models for Large Panel Data -- 3 Semiparametric Spatial Autoregressive Models.
|
| 505 |
8 |
|
|a 3.1 Modeling Spatial Heterogeneity and Spatial Dependence: MGWR-SAR -- 3.2 Modeling Spatial Dependence, Spatial Heterogeneity and Nonlinearities: P-Spline Models for Cross-Sectional Data and Short Panels -- 3.3 Modeling Spatial Spillovers, Spatial Heterogeneity, Nonlinearities and Time-Related Factors: Spatio-Temporal Semiparametric Autoregressive Models for Large Panel Data -- 4 Software -- 5 Conclusions -- References -- Looking Ahead: Part I -- Abstract -- 1 Introduction -- 2 Summary of the Research Conducted Within the Action -- 3 Main Results and Open Questions -- 3.1 Main Results -- 3.2 Open Questions -- 4 Suggested Topics for Future Research -- The Meso Perspective - Financial Markets -- Systemic Risk and Macroeconomic Fat Tails -- 1 Introduction -- 2 The Model Without Fire Sales -- 3 Results Without Fire Sales -- 4 The Model with Fire Sales -- 5 Results with Fire Sales -- 6 Conclusion -- A Appendix: Numerical Example -- References -- Market Interactions, Endogenous Dynamics and Stabilization Policies -- Abstract -- 1 Introduction and Outline -- 2 Market Interactions -- 3 Stabilization Policies -- 3.1 Optimal Trade Barriers -- 3.2 Profit Taxes -- 4 Conclusions and Outlook -- References -- Looking Ahead: Part II -- 1 Future Challenges -- References -- The Micro Perspective - Social and Industrial Interactions -- A Dynamic Model of Firms' Strategic Location Choice -- 1 Introduction -- 2 The Model -- 3 Markov Perfect Equilibria -- 4 Economic Analysis -- 5 Concluding Remarks -- References -- Strategic Corporate Social Responsibility by a Local Firm Against a Multinational Enterprise -- 1 Introduction -- 2 The Model -- 3 The Multinational Firm's Modes of Entry -- 4 Comparing FDI and Exports -- 5 Conclusion -- References -- Knowledge Spillovers, Congestion Effects, and Long-Run Location Patterns -- 1 Introduction -- 2 The Model.
|
| 505 |
8 |
|
|a 3 Equilibrium Location Patterns: Local Stability and Efficiency -- 4 Location Patterns: The Role of Knowledge Spillovers and Congestion Costs -- 5 Conclusions -- References -- Looking Ahead: Part III -- 1 Conclusions and Future Challenges -- References.
|
| 588 |
|
|
|a Description based on publisher supplied metadata and other sources.
|
| 590 |
|
|
|a Electronic reproduction. Ann Arbor, Michigan : ProQuest Ebook Central, 2023. Available via World Wide Web. Access may be limited to ProQuest Ebook Central affiliated libraries.
|
| 655 |
|
4 |
|a Electronic books.
|
| 700 |
1 |
|
|a Kubin, Ingrid.
|
| 700 |
1 |
|
|a Bougheas, Spiros.
|
| 700 |
1 |
|
|a Kirman, Alan.
|
| 700 |
1 |
|
|a Kopel, Michael.
|
| 700 |
1 |
|
|a Bischi, Gian Italo.
|
| 776 |
0 |
8 |
|i Print version:
|a Commendatore, Pasquale
|t The Economy As a Complex Spatial System
|d Cham : Springer International Publishing AG,c2017
|z 9783319656267
|
| 797 |
2 |
|
|a ProQuest (Firm)
|
| 830 |
|
0 |
|a Springer Proceedings in Complexity Series
|
| 856 |
4 |
0 |
|u https://ebookcentral.proquest.com/lib/matrademy/detail.action?docID=5588885
|z Click to View
|